| 000 | 00677nam a22002177a 4500 | ||
|---|---|---|---|
| 999 |
_c9383 _d9383 |
||
| 003 | AR-CdUCM | ||
| 008 | 190327b ||||| |||| 00| 0 spa d | ||
| 040 |
_aMUNICIPALIDAD PROVINCIAL DEL CUSCO _cBIBLIOTECA MUNICIPAL DEL CUSCO |
||
| 082 |
_a868.4 / _bV65 |
||
| 100 |
_aViladegut, Guillermo _925548 |
||
| 245 | _aEl extraño Indio Clemente Kespe / | ||
| 260 |
_aAbancay : _bLa Pátria, _c1959. |
||
| 300 |
_a150 páginas ; _c22 cm. |
||
| 500 | _aCon dedicatoria a Luis Nieto -- Donación de la familia Nieto | ||
| 505 | _aContenido : Novela | ||
| 650 |
_aNovela _9572 |
||
| 650 |
_aLiteratura _9416 |
||
| 650 |
_aAbancay _916061 |
||
| 942 |
_2ddc _cLIBROS |
||
| 945 | _admma | ||